000 00400 a2200133 4500
003 OSt
005 20260211144132.0
008 260211b |||||||| |||| 00| 0 eng d
100 _aकुलकर्णी अ.
245 _aसंतमाला
260 _bभारतीय विचार साधना प्रकाशन
_c2015
_aपुणे
300 _a16pp
942 _cBK
_2ddc
999 _c370229
_d370229